000 00672cam a22002171 4500
001 sg 44000305
003 DLC
005 20260227112744.0
008 761015s1944 xx 000 0 eng c
010 _asg 44000305
035 _a(OCoLC)2506482
040 _aU.S. Surg.-gen. off Libr.
_cO
_dOCoLC
_dDLC
042 _apremarc
050 0 0 _aR154.H659
_bA3
082 _a926.1
100 1 _aHopkins, Arthur Warren,
_d1877-
245 1 0 _aPep, pills and politics;
_ban odyssey of two states,
_cby Arthur W. Hopkins, M.D.
260 _aBrattleboro, Vt.,
_bThe Vermont printing company,
_c1944.
300 _a239 p.
_bfront., plates, ports.
_c24 cm.
500 _aAutobiography.
999 _c90503
_d90503